00827nam a22002297a 4500003000500000005001700005008004100022010001000063011001000073035001000083040000900093100003100102245015300133260004100286300000900327502011200336650004100448650002800489650002700517650002700544650002600571CHAP20220329134145.0971013s1979 r 00010 d a16300 a17272 a21355 cCHAP00aGutiérrez Peña, David. aComportamiento, adaptación y rendimiento de cinco variedades de sandía (Citrullus vulgaris L.) en siembra directa y transplante en Apodaca, N.L. a(Monterrey, N.L.) :bEl autor,c1979 a70 h aTesis (Ing. Agrónomo en Producción Agropecuaria) -- ITESM. Div. de Ciencias Agropecuarias y Marítimas14aSandíaxEfecto del medio ambiente.14aSandíaxNuevo León.14aSandíaxRendimiento.14aSandíaxTransplante.14aSandíaxVariedades.